000
00374nam a2200133Ia 4500
008
100328s9999 xx 000 0 und d
082
_b
50192
100
_a
कुलकर्णी नलिनी
245
_a
सुबोध कथा-1
260
_b
अंजनी
630
_a
सुबोध कथा-1
730
_a
सुबोध कथा-1
942
_c
BOOK
999
_c
537382
_d
537379